Optical physics

Saved in:
Bibliografiske detaljer
Main Authors: Lipson, Stephen G. (autor), Lipson, H (Author), Tannhauser, D. S (Author)
Format: Bog
Sprog:engelsk
Udgivet: Cambridge Cambridge University 1995
Udgivelse:3a. ed
Fag:
Tags: Tilføj Tag
Ingen Tags, Vær først til at tagge denne postø!

MARC

LEADER 00000nam a2200000 a 4500
001 UCS9625
003 CL-VaPUC
008 971121e19950000uk |||||||||||||||||eng|d
082 0 4 |a 535  |b LIP  |2 21 
100 |a Lipson, Stephen G.  |e autor  |9 394870 
700 0 |a Lipson, H  |e author  |9 394871 
700 0 |a Tannhauser, D. S  |e author  |9 394872 
245 1 0 |a Optical physics 
250 |a 3a. ed 
300 |a 497 p 
942 |c BK 
945 |d 19971121 00:00:00  |a rleighto 
260 |a Cambridge  |b Cambridge University  |c 1995 
650 7 |a OPTICA FISICA  |2 CL-VaPUC  |9 271669 
650 0 |a Luz  |9 263172 
650 0 |a Naturaleza  |9 269656 
650 0 |a Velocidad  |9 311814 
650 0 |a Ondas  |9 260165 
650 0 |a Optica geométrica  |9 355299 
650 7 |a TEORIA DE FOURIER  |2 CL-VaPUC  |9 394873 
650 0 |a Ondas electromagnéticas  |9 354947 
650 0 |a Polarización   |9 354950 
650 7 |a DIFRACCION  |2 CL-VaPUC  |9 354948 
650 7 |a LASERS  |2 CL-VaPUC  |9 260160 
650 0 |a Optica cuántica  |9 271670 
583 |a last modification  |c 20130806 06:03:30  |k Rodrigo Vera 
999 |c 263400  |d 263398 
952 |0 0  |1 0  |4 0  |6 535_000000000000000_LIP_1995  |7 0  |8 A  |9 292687  |a BIBCUR  |b BIBCUR  |d 2019-11-19  |i 3367630  |l 1  |o 535 LIP 1995  |p 3367630  |r 2025-04-22  |s 2024-06-03  |w 2019-11-19  |y BK  |k FIS